| 000 | 00988nam a2200313 a 4500 | ||
|---|---|---|---|
| 001 | 000114137 | ||
| 003 | CHAP | ||
| 005 | 20220329144428.0 | ||
| 008 | 171107s2017 es a |r| ||||||spa d | ||
| 010 | _a110598 | ||
| 011 | _a111570 | ||
| 020 | _a9789992389614 | ||
| 040 | _cCHAP | ||
| 082 | 0 | 4 |
_a632 _bB27 2017 |
| 100 | 1 |
_aBarreto Ortega, Celio Humberto _9134016 |
|
| 245 | 1 | 0 |
_aOIRSA, 60 aƱos contribuyendo al desarrollo agropecuario regional. 1953-2013 / _cpor Celio Humberto Barreto Ortega. |
| 250 | _a2 ed. | ||
| 260 |
_aSan Salvador, El Salvador : _bOIRSA _bF&G Editores, _c2017. |
||
| 300 |
_a229 p. : _bil. |
||
| 590 |
_aE5765TAJ _b05 _c20171107 _lUCH01 _h0942 |
||
| 610 | 1 |
_aOrganismo Internacional Regional de Sanidad Agropecuaria _xInformes _9134017 |
|
| 650 | 1 | 4 |
_aAgricultura _xPlagas. _91764 |
| 650 | 1 | 4 |
_aPlantas _xEnfermedades. _988828 |
| 650 | 1 | 4 |
_aSanidad animal. _9102221 |
| 650 | 1 | 4 |
_aSanidad vegetal. _9102224 |
| 901 | _aBK | ||
| 942 | _cLIBRO | ||
| 942 | _n0 | ||
| 999 |
_c110598 _d110598 |
||